000 00245nam a2200097Ia 4500
001 710194
005 20250826162744.0
008 250824s9999 xx 000 0 und d
245 0 _aYENİ BİR YUVA
_cAYLA ÇINAROĞLU
260 _bUÇANBALIK YAYINLARI
999 _c710194
_d710194